<?xml version="1.0" encoding="UTF-8"?>
<collection xmlns="http://www.loc.gov/MARC21/slim">
  <record>
    <leader>00000nam  2200000   4500</leader>
    <controlfield tag="001">INLIS000000000003059</controlfield>
    <controlfield tag="005">20190502111223</controlfield>
    <datafield tag="035" ind1="#" ind2="#">
      <subfield code="a">0010-0718003059</subfield>
    </datafield>
    <controlfield tag="008">190502################g##########0#ind##</controlfield>
    <datafield tag="020" ind1="#" ind2="#">
      <subfield code="a">9794613673</subfield>
    </datafield>
    <datafield tag="041" ind1=" " ind2=" ">
      <subfield code="a">id</subfield>
    </datafield>
    <datafield tag="082" ind1="#" ind2="#">
      <subfield code="a">152.45</subfield>
    </datafield>
    <datafield tag="090" ind1=" " ind2=" ">
      <subfield code="a">152.45 PEN</subfield>
    </datafield>
    <datafield tag="100" ind1=" " ind2="#">
      <subfield code="a">Salim, Emil</subfield>
    </datafield>
    <datafield tag="245" ind1="1" ind2="#">
      <subfield code="a">Pengalaman Hidup 10 Tokoh Kreatifitas Mengembangkan Kreatifitas /</subfield>
      <subfield code="c">Emil Salim</subfield>
    </datafield>
    <datafield tag="250" ind1="#" ind2="#">
      <subfield code="a">Pertama</subfield>
    </datafield>
    <datafield tag="260" ind1="#" ind2="#">
      <subfield code="a">Jakarta :</subfield>
      <subfield code="b">Pustaka Populer Obor,</subfield>
      <subfield code="c">2001</subfield>
    </datafield>
    <datafield tag="300" ind1="#" ind2="#">
      <subfield code="a">vii; 217 hlm. :</subfield>
      <subfield code="b">ilus ;</subfield>
      <subfield code="c">21 cm</subfield>
    </datafield>
    <datafield tag="650" ind1=" " ind2="#">
      <subfield code="a">Kreatifitas</subfield>
    </datafield>
    <datafield tag="084" ind1="#" ind2="#">
      <subfield code="a">152.45 Pen</subfield>
    </datafield>
    <datafield tag="520" ind1="#" ind2="#">
      <subfield code="a">Buku ini diterbitkan dalam rangka 20 tahun berdirinya Yayasan Pengembangan Kreativitas (YPK). Tujuan dari penerbitan buku ini ialah untuk lebih memasyarakatkan konsep kreativitas serta penerapannya dalam kehidupan sehari-hari, khususnya adalah anggota pengurus YPK, yaitu Prof.Dr. Emil Salim (dewan Penasehat), Prof.Dr. A.S. Munandar, Dipl. Psych., (Dewan Penasehat)., Prof.Dr. S.C. Utami Munandar, Dipl. Psych.(Ketua), Prof.Dr. Toety Heraty Noerhadi, (Wakil Ketua) , dr. Boen Setiawan, Ph.D., (Bendahara), Prof.Dr. Conny Semiawan (anggota), Bambang Utomo (anggota), Dra.Psi. Ieda Poernomo Sigit Sidi (anggota), Dr. Seto Mulyadi, M.Psi. (anggota), Drs. Nugroho, M.Psi. (anggota). Dalam setiap karangan, setiap penulis mengemukakan sedikit mengenai latar belakang keluarganya dan tokoh-tokoh yang penting dalam hidupnya yang memberi makna bagi pengembangan diriselanjutnya, dilanjutkan dengan pendidikan dan pekerjaan, selalu dikaitkan dengan kreativitas sehingga disamping kesan juga memberikan pesan langsung atau tidak langsung kepada pembaca.</subfield>
    </datafield>
    <datafield tag="856" ind1="#" ind2="#">
      <subfield code="a">Perpustakaan Lembaga Administrasi Negara</subfield>
    </datafield>
    <datafield tag="990" ind1="#" ind2="#">
      <subfield code="a">04108599</subfield>
    </datafield>
    <datafield tag="990" ind1="#" ind2="#">
      <subfield code="a">04108601</subfield>
    </datafield>
    <datafield tag="990" ind1="#" ind2="#">
      <subfield code="a">04108600</subfield>
    </datafield>
    <datafield tag="990" ind1="#" ind2="#">
      <subfield code="a">04108600</subfield>
    </datafield>
    <datafield tag="990" ind1="#" ind2="#">
      <subfield code="a">04108599</subfield>
    </datafield>
    <datafield tag="990" ind1="#" ind2="#">
      <subfield code="a">04108601</subfield>
    </datafield>
    <datafield tag="990" ind1="#" ind2="#">
      <subfield code="a">04108601</subfield>
    </datafield>
    <datafield tag="990" ind1="#" ind2="#">
      <subfield code="a">04108599</subfield>
    </datafield>
    <datafield tag="990" ind1="#" ind2="#">
      <subfield code="a">04108600</subfield>
    </datafield>
    <datafield tag="990" ind1="#" ind2="#">
      <subfield code="a">04108600</subfield>
    </datafield>
    <datafield tag="990" ind1="#" ind2="#">
      <subfield code="a">04108599</subfield>
    </datafield>
    <datafield tag="990" ind1="#" ind2="#">
      <subfield code="a">04108601</subfield>
    </datafield>
  </record>
</collection>
